Tám triều vua Lý. Tiểu thuyết lịch sử / t.III, Bình Bắc dẹp Nam :
Guardado en:
| Autor principal: | |
|---|---|
| Formato: | Sách giấy |
| Lenguaje: | Vietnamese |
| Publicado: |
H. :
Phụ nữ,
2010.
|
| Colección: | Tiểu thuyết lịch sử.
|
| Materias: | |
| Etiquetas: |
Agregar Etiqueta
Sin Etiquetas, Sea el primero en etiquetar este registro!
|
| Thư viện lưu trữ: | Thư viện Trường Đại học Đà Lạt |
|---|
| LEADER | 00842nam a2200325 4500 | ||
|---|---|---|---|
| 001 | DLU110127657 | ||
| 005 | ##20111108 | ||
| 040 | # | # | |a DLU |b vie |
| 041 | # | # | |a vie |
| 044 | # | # | |a vn |
| 082 | # | # | |a TV |b HO-H |
| 100 | # | # | |a Hoàng Quốc Hải. |
| 245 | # | # | |a Tám triều vua Lý. |n t.III, |p Bình Bắc dẹp Nam : |b Tiểu thuyết lịch sử / |c Hoàng Quốc Hải. |
| 260 | # | # | |a H. : |b Phụ nữ, |c 2010. |
| 300 | # | # | |a 923 tr. ; |c 21 cm. |
| 490 | # | # | |a Tiểu thuyết lịch sử. |
| 650 | # | # | |a Tiểu thuyết lịch sử Việt Nam. |
| 650 | # | # | |a Văn học Việt Nam. |
| 923 | # | # | |a 01/2011LS |
| 990 | # | # | |a t.III |
| 991 | # | # | |a SH |
| 992 | # | # | |a 175000 |
| 994 | # | # | |a KLS |
| 900 | # | # | |a True |
| 911 | # | # | |a Đào Thị Thu Huyền |
| 925 | # | # | |a G |
| 926 | # | # | |a A |
| 927 | # | # | |a SH |
| 980 | # | # | |a Thư viện Trường Đại học Đà Lạt |